La reforma del entendimiento (Registro nro. 5512)

Detalles MARC
000 -ENCABEZADO
Número de control [NR] 00703nam a2200205Ia 4500
008 - DE LONGITUD FIJA DE DATOS DE ELEMENTOS - INFORMACIÓN GENERAL
Elementos de longitud fija [NR] 130821s1971 ag gr spa
040 ## - FUENTE DE CATALOGACION [NR]
Agencia de catalogación original [NR] Co-BoUCM
Idioma de catalogación [NR] spa
041 ## - CODIGO DE IDIOMA [R]
Código de idioma para texto/pista de sonido o título separado [R] Español
100 1# - ASIENTO PRINCIPAL--NOMBRE PERSONAL [NR]
Nombre personal [NR] Spinoza, Baruch
Fechas asociadas con el nombre [NR] 1632-1677
ID Autoridad 150149
245 13 - MENCION DE TITULO [NR]
Título [NR] La reforma del entendimiento
Mención de responsabilidad, etc. [NR] Baruch Spinoza
250 ## - MENCION DE EDICION [NR]
Mención de edición [NR] 5a. ed.
260 ## - PUBLICACION, DISTRIBUCION, ETC. (PIE DE IMPRENTA) [R]
Lugar de publicación, distribución, etc. [R] Argentina (América)
Nombre del editor, distribuidor, etc. [R] Aguilar
Fecha de publicación, distribución, etc. [R] 1971
300 ## - DESCRIPCION FISICA [R]
Extensión [R] 87 páginas
490 ## - MENCION DE SERIE [R]
Mención de serie [R] Biblioteca de Iniciacion Filosofica, No. 17
504 ## - NOTA DE BIBLIOGRAFIA, ETC. [R]
Nota de bibliografía, etc. [NR]
600 ## - ASIENTO SECUNDARIO DE MATERIA - NOMBRE PERSONAL [R]
Nombre personal [NR] Spinoza, Baruch de
Subdivisión cronológica [R] 1632-1677
Subdivisión general [R] Crítica e interpretación, etc.
9 (RLIN) 108404
650 04 - ASIENTO SECUNDARIO DE MATERIA - TERMINO TEMATICO [R]
Término temático o nombre geográfico como elemento de entrada [NR] Filosofía
9 (RLIN) 75
942 ## - ELEMENTOS DE ENTRADA AGREGADOS (KOHA)
Tipo de ítem principal el descrito en 300a Libro
Tema principal Filosofía
Edición 5
Parte restante de la signatura top. S64
Sistema de clasificación DEWEY
Clasificación 199.492
Existencias
Fecha de último préstamo Total préstamos Total Renewals Signatura topográfica Código de barras Última vez visto Volúmen / Fascículo Ejemplar Price effective from Tipo de ítem Perdido Sistema de clasificación Dañado No prestable Tipo de ítem específico Suprimido Ubicación habitual Ubicación actual Localización Fecha de creación Forma de adquisición Costo
05/10/2022 18 5 199.492 S64 100008349 05/12/2025 5a. Ed. Ej.1 03/02/2013 Libro   DEWEY     Libro   Claustro Claustro 2do piso 28/02/2003 Compra 100.00